00832nam a22002291i 450000100060000000300080000600500170001400800410003103500190007204000270009104100080011808200290012611000540015524500900020925000120029926000860031130000210039765000250041894200120044399900170045595201300047235958BD-RjUL20211209052417.0140612s1957 enk 00010 eng d a(BD-RjUL)36055 aDLCbengcDLCdBD-RjUL aeng04223a155.518924bHOA 195720aHome and School Council of Great Britain.910946710aAdvances in understanding the adolescent /cHome and School Council of Great Britain. a9th ed. aLondon :bThe Home and School Council of the english education fellowship,c1957. a120 p. ;c23 cm. 0aAdolescence.9109466 2ddccBK c35958d35958 00102ddc40718NFICaRUCLbRUCLcReadingd1988-06-27eN/Al0o155.518924 HOA 1957r2014-06-12 00:00:00tC-1w2014-06-12yBK